| 000 | 00406 a2200157 4500 | ||
|---|---|---|---|
| 001 | 31587 | ||
| 020 | _a9780471304609 | ||
| 082 | _a621.4022 INC | ||
| 090 |
_c21439 _d21439 |
||
| 100 | _aIncropera P. Frank ; David P. DeWitt | ||
| 245 | _aFundamentals of Heat and Mass Transfer, 4/e | ||
| 250 | _a4 | ||
| 260 |
_aNY _bJohn wily _c1996 |
||
| 300 | _axxiii, 886 p origional book | ||
| 500 | _aBE textbook Aerospace | ||
| 942 | _aNUST-CAE | ||
| 999 |
_c266660 _d266660 |
||